Canada or USA - Statistics

General Stats
  • This quiz has been taken 119 times
  • The average score is 10 of 15
Answer Stats
Question Answer % Correct
This country has a President USA
95%
This country is larger than the other one Canada
82%
What is the northernmost country in North America? Canada
80%
Lake Superior is the largest lake in North America. Where is it? Straddeling both countries
80%
Which country is the oldest? (Independence/self-governing) USA
77%
Which citizenship does Clint Eastwood hold? American
70%
Chandler Bing. Where does that character live? USA
64%
Don Cherry dresses well. In which country is normally his wardrobe? Canada
57%
This country is a founding member of NATO Both
55%
David Lettermans band leader, Paul Shaffer, is from this country Canada
55%
And now... Finally. Pamela Anderson. Where was she born? Canada
55%
Denali is the tallest mountain in North America. Where is it? USA
55%
What is Ryan Reynolds citizenship? Both
50%
Which of these two countries has won the most medals in the Winter Olympics? USA
43%
The Soviet Union lost unexpectedly against this country in the Ice Hockey tournament in the 1980 Olympics USA
39%
No matching quizzes found
Score Distribution
Percent of People with Each Score
Percentile by Number Answered
Your Score History
You have not taken this quiz